21 juin ou pas ? (mort subite) - Statistiques

Statistiques générales
  • Ce quiz a été pris 88 fois
  • Le résultat moyen est 3 sur 10
Answers on the Grid
Answers color-coded by a green-red scale on the quiz's grid according to % correct below.
C'est le 172 ème jour de l'année.
C'est la date de naissance de Jean-Pierre Madère qui a disparu et qu'on n'a jamais revu.
C'est le jour du décès du célèbre écossais MacHiavel.
Cette année 2025, ça tombe un samedi.
C'est le jour où on peut regarder une énième rediffusion de "Columbo".
C'est la saint Godefroy.
C'est la journée internationale de la lenteur.
C'est le dernier jour du signe astrologique des gémeaux (roïdes).
C'est la canicule.
C'est le jour où on peut regarder une énième rediffusion de "Joséphine, ange gardien".
C'est le deuxième jour du festival "Hellfesse".
C'est la fête de la musique.
C'est le premier jour du reste de ta vie.
C'est le jour où Édouard Philippe constitua le deuxième gouvernement de la présidence en 2017.
C'est la date de naissance de Jean-Sol Partre.
C'est la journée internationale de la rapidité.
C'est le jour de naissance de Lana Del Raie.
C'est la journée internationale de la santé du prépuce.
C'est la saint Leufroy.
C'est l'été.
 
Statistiques - réponses
Réponse % Correct
C'est le 172 ème jour de l'année.
67%
Cette année 2025, ça tombe un samedi.
49%
C'est la fête de la musique.
44%
C'est l'été.
35%
C'est la canicule.
21%
C'est le jour où on peut regarder une énième rediffusion de "Columbo".
16%
C'est le jour où on peut regarder une énième rediffusion de "Joséphine, ange gardien".
14%
C'est la journée internationale de la lenteur.
2%
C'est le jour où Édouard Philippe constitua le deuxième gouvernement de la présidence en 2017.
2%
C'est la saint Leufroy.
0%
Aucun quiz correspondant
Distribution des résultats
% des personnes avec chaque résultat
Percentile par nombre de réponses
Votre historique - résultats
Vous n’avez pas pris ce quiz